00796nam a22002297a 45000010005000000030006000050050017000110080041000280200018000690400029000870500018001160820013001341000025001472450045001722600041002173000058002585050007003165200158003235210027004815210020005086500038005287920FISKH20250814083746.0250814b cb ||||| |||| 00| 0 eng d a9781568999760 aFISKHbengcFISKHdFISKH aQL737.P63 S43 a599.7975 aGalvin, Laura Gates  aSea Lion swims : bLet's go to the zoo / aWashington : bSoundprints, c2001.  a16 unnumbered pages : bcolor illustrations ; c18 cm aE  aEveryone loves swimming on a sunny day, especially Sea Lion! But when the water looks cold, sometines it's better to stay dry. Includes a soft plush toy.8 a160 bLexile estimate 8 aE bRaz-Plus  aAnimalsvLife SciencexBoard Book